Quizzes
Events
Quiz Creation
Community
Videos
Private Events
Remove Ads
Sign In
Join for FREE
Feedback
Dark Mode
Quiz Categories
Sports
Geography
Music
Movies
Television
Just For Fun
Miscellaneous
History
Literature
Language
Science
Gaming
Entertainment
Religion
Holiday
For Kids
Quiz Lab
Recent
Popular Today
Quiz Kudos Today
Editor Picks
Curator Picks
Quizzes by...
Day
Popularity
Type
Ratings
Length
Year
Community
Subscriptions
Recent Discussions
Orange Saloon
Badges
Playlists
Quests
Create
Leaderboards
Showdown
Live 5
Trivia Bingo
Activity
Puzzle Library
Sporcle Events
Private Events
Virtual Trivia
Globe League
Become a Host
Pub Owners
SporcleCon
Opinionation
Our Games
Videos
Blog
Mobile Apps
Partnerships
Remove Ads and Go Orange
Feedback
Music
Pop Music
The Beatles
Song
Album
Lyrics
Bands
Singers
Artist
Clip
Rock
Rap
Classical
Billboard
Country Music
Kpop
Taylor Swift
Music
Pop Music
The Beatles
Song
Album
Lyrics
Bands
Singers
Artist
Clip
Rock
Rap
Classical
Billboard
Country Music
Kpop
Taylor Swift
Random Quiz
Search Sporcle
×
Quiz Lab
Quiz Lab
Music
Lyrics
Type in answers that appear in a list
Type in answers that appear in a list
Classic
Best Score? Go Orange.
One Direction: Midnight Memories Lyrics X Stats
Can you guess the lyrics to a One Direction song from the Midnight Memories album?
By
Katiefurtado
8m
245 Questions
2,668 Plays
2,668 Plays
2,668 Plays
Comments
Comments
Give Quiz Kudos
Give Quiz Kudos
-
- Ratings
hide this ad
More Info
Replay
Link that replays current quiz
Next Quiz
Link to next quiz in quiz playlist
You Got
0%
They Got
Avg Score
76%
Avg Friend Score
Upgrade to see
Score Distribution
Jump to the score distribution portion of the page
Score
0/245
Timer
08:00
0
Plays Today
Answer
% Correct
a
96.8%
the
96.8%
You
94.7%
You
94.7%
you
94.7%
You
94.7%
I
92.7%
I
92.7%
I
92.7%
I
92.7%
I
92.7%
I
92.7%
I
92.7%
I
92.7%
I
92.7%
I
92.7%
I
92.7%
I
92.7%
I
92.7%
be
87.7%
be
87.7%
me
87.5%
me
87.5%
me
87.5%
love
85.2%
love
85.2%
love
85.2%
love
85.2%
love
85.2%
love
85.2%
love
85.2%
love
85.2%
don't
84.9%
don't
84.9%
don't
84.9%
don't
84.9%
don't
84.9%
don't
84.9%
don't
84.9%
to
84.5%
to
84.5%
to
84.5%
To
84.5%
to
84.5%
to
84.5%
to
84.5%
we
84.3%
your
84%
your
84%
your
84%
your
84%
your
84%
your
84%
your
84%
on
83.3%
in
82.5%
it
82.5%
it
82.5%
it
82.5%
it
82.5%
it
82.5%
it
82.5%
it
82.5%
know
81.2%
know
81.2%
know
81.2%
know
81.2%
know
81.2%
know
81.2%
than
79.1%
than
79.1%
than
79.1%
than
79.1%
than
79.1%
than
79.1%
than
79.1%
than
79.1%
More
78.8%
more
78.8%
more
78.8%
no
78.7%
no
78.7%
Answer
% Correct
no
78.7%
no
78.7%
no
78.7%
no
78.7%
make
78.6%
make
78.6%
I'm
78.3%
Better
78%
is
78%
better
78%
better
78%
Better
78%
better
78%
better
78%
better
78%
Better
78%
better
78%
better
78%
words
77.9%
words
77.9%
words
77.9%
words
77.9%
words
77.9%
words
77.9%
words
77.9%
words
77.9%
words
77.9%
words
77.9%
words
77.9%
words
77.9%
words
77.9%
ever
77.8%
my
77.6%
wanna
77.2%
wanna
77.2%
How
77.1%
how
77.1%
how
77.1%
how
77.1%
how
77.1%
how
77.1%
how
77.1%
Baby
76.8%
baby
76.8%
feeling
76.2%
One
75.8%
One
75.8%
like
75.7%
like
75.7%
like
75.7%
up
75.5%
up
75.5%
up
75.5%
up
75.5%
up
75.5%
up
75.5%
up
75.5%
Crazy
75.5%
crazy
75.5%
Crazy
75.5%
Crazy
75.5%
can't
75%
can't
75%
can't
75%
can't
75%
can't
75%
can't
75%
A-Wooooo
74.5%
A-Wooooo
74.5%
A-Wooooo
74.5%
A-Wooooo
74.5%
oh oh oh oh oh oh oh oh oh oh oh oh oh
74.2%
A-Woooooo
74.2%
A-Woooooo
74.2%
ooh oh ooh, oh oh oh oh oh, ooh oh ooh
74.2%
ooh oh ooh, oh oh oh oh oh
74.2%
oh oh oh oh oh oh oh oh oh oh oh oh oh
74.2%
oh oh oh oh oh oh oh oh oh oh oh oh oh
74.2%
It's
73.9%
it's
73.9%
it's
73.9%
it's
73.9%
Answer
% Correct
It's
73.9%
it's
73.9%
Dancing
73.8%
Cause
72.9%
Cause
72.9%
Cause
72.9%
Cause
72.9%
Cause
72.9%
Cause
72.9%
Cause
72.9%
all
72.7%
night
72.6%
Best
72.1%
ceiling
71.5%
enough
71.4%
enough
71.4%
enough
71.4%
enough
71.4%
enough
71.4%
good
71%
good
71%
good
71%
good
71%
good
71%
good
71%
ain't
70.2%
ain't
70.2%
ain't
70.2%
ain't
70.2%
ain't
70.2%
ain't
70.2%
had
69.4%
sum
68.5%
sum
68.5%
sum
68.5%
sum
68.5%
sum
68.5%
sum
68.5%
explain
68.1%
explain
68.1%
explain
68.1%
explain
68.1%
explain
68.1%
explain
68.1%
lie
67.9%
ssss
67.6%
deep
67.5%
touch
67.3%
what
67.3%
Always
66.4%
Hips
66.2%
Someone
66%
only
65.8%
Everytime
65%
But
64.9%
shook
64.2%
drive
64.2%
God
63.5%
knows
63.3%
see
61.6%
time
61.6%
right
61.6%
yeah
61.4%
Yeah
61.4%
They
60.8%
enough
60.5%
feels
58.4%
feels
58.4%
never
57.6%
else
54.4%
else
54.4%
else
54.4%
else
54.4%
else
54.4%
else
54.4%
Everyone
54.3%
Irreplaceable
53.9%
tries
51.6%
We're
50.7%
they'll
49.4%
try
46.6%
Quiz Playlist
Details
Report
Send in Message
Add To Playlist
More Info:
Guess the lyrics to a song from One Direction's Midnight Memories album
Classic:
Type in answers that appear in a list
Quiz Source
Last Updated: Feb 16, 2017
Quiz Scoreboard
CHALLENGE
Sign Up to Join the Scoreboard
Show All
Scores
Hide
Comments
May contain spoilers
Recently Published
NBA Finals Game Top Scorers (2010s)
by flibbidy
Sports
5m
Guess the 'R' Things in 3 Words
by MSUKent
Miscellaneous
3m
Actor to Badly Drawn Movie III
by MoMosMoProblems
Movies
5m
More to Explore
Quiz From the Vault
Featured Blog Post
Where Does Lost Luggage Go?
hide this ad
You Might Also Like...
Tags
Album Quiz
Lyrics Quiz
Song Quiz
direction
Figure Out the Lyrics
Memory
midnight
Midnight Memories
Missing Lyrics
One Direction
Soundtrack Lyrics
Today's Top Quizzes in Music
Browse Music
hide this ad
Today's Top Quizzes in Lyrics
Browse Lyrics
Top Contributed Quizzes in Music
1
Taylor Swift All Songs (2024)
2
Image Sorting: Rock Albums II
3
Image Sorting: Rock Albums III
4
Image Sorting: Rock Albums IV
5
Image Sorting: Rock Albums V
6
Image Sorting: Rock Albums VI
7
Adjectives in 80s Songs
8
Taylor Swift Logic Puzzle
9
Image Sorting: Album Titles
10
Nickname Match: Musicians
Explore More
Trending Topics
Harry Potter
Marvel
Kpop
Anime
Crossword
NBA
Disney
NFL
WWE
Puzzle
Pokémon
Soccer
Country
The Office
Song
hide this ad
More By:
Katiefurtado
Quiz
Plays
Rating
Category
Featured
Created
One Direction: Midnight Memories Lyrics XI
2,190
4.20
Music
Jan 2, 2014
One Direction: Midnight Memories Lyrics I
4,695
4.80
Music
Dec 31, 2013
One Direction: Midnight Memories Lyrics V
3,786
4.00
Music
Jan 1, 2014
One Direction: Midnight Memories Lyrics II
3,482
4.00
Music
Jan 1, 2014
One Direction: Midnight Memories Lyrics VI
3,377
4.43
Music
Jan 1, 2014
One Direction: Midnight Memories Lyrics III
3,369
4.33
Music
Jan 1, 2014
Go to Creator's Profile
Score Distribution
Quiz Creator Spotlight
Katiefurtado
Follow
Send a Message
Quizzes Created
-
Created Quiz Play Count
-
More By This Creator
Popular Quizzes Today
1
Find the US States - No Outlines Minefield
2
Find the US States
3
The Countries of the World
4
10 Largest US States in Order
5
Find the Countries of Europe - No Outlines Minefield
6
US States
7
Guess the 'R' Things in 3 Words
8
NBA Finals Game Top Scorers (2010s)
More Music Quizzes
K-Pop Songs by Dance Break 1 (Audio)
Curator's Pick
Trending Quizzes
First Name TV: Leading Men
Match the Book to the Film II
First Name TV: Leading Women Drama
3-Word Movies in 1 Word II
Match the Book to the Film VI
Recently Updated
Women's Final Four Teams by Year
bhenderson79
Presidents Quartet II
eogle
Anything But Clue(do)
eogle
Anything But Oceanian Capitals
eogle
Anything But 7
eogle
Anything But Thing
eogle
Word Ladder: February 29
pecheneg
Song Title Questions
pecheneg
Women's NCAA Tournament #1 Seeds
pecheneg
Celebrity Mug Shots
pecheneg
Trending Topics
Harry Potter
Anime
Disney
Kpop
Marvel
NBA
Crossword
Soccer
Country
WWE
The Office
Puzzle
Pokémon
NFL
Song
Your Account Isn't Verified!
In order to create a playlist on Sporcle, you need to verify the email address you used during registration. Go to your
Sporcle Settings
to finish the process.
Report this User
Report this user for behavior that violates our
Community Guidelines
.
Details:
Send Report
Go to the Sporcle.com Mobile Site →
Comments